Japan Academy Awards for Best Animated Film by Picture - Statistics

General Stats
  • This quiz has been taken 7 times
  • The average score is 14 of 20
Answer Stats
Picture Hint Answer % Correct
2009 Ponyo
100%
2024 The Boy and the Heron
100%
2011 The Secret World of Arrietty
100%
2026 Demon Slayer: Kimetsu no Yaiba Infinity Castle
86%
2021 Demon Slayer -Kimetsu no Yaiba- The Movie: Mugen Train
86%
2022 Evangelion: 3.0+1.0 Thrice Upon a Time
86%
2025 Look Back
86%
2014 The Wind Rises
86%
2013 Wolf Children
86%
2012 From Up on Poppy Hill
71%
2019 Mirai
71%
2015 Stand by Me Doraemon
71%
2016 The Boy and the Beast
71%
2023 The First Slam Dunk
71%
2010 Summer Wars
57%
2007 The Girl Who Leapt Through Time
57%
2020 Weathering with You
43%
2017 In This Corner of the World
29%
2018 Night Is Short, Walk On Girl
29%
2008 Tekkonkinkreet
29%
No matching quizzes found
Score Distribution
Percent of People with Each Score
Percentile by Number Answered
Your Score History
You have not taken this quiz